Les études les plus difficiles - Statistiques

Statistiques générales
  • Ce quiz a été pris 161 fois
  • Le résultat moyen est 2 sur 10
Statistiques - réponses
TOP RÉPONSES % Correct
1 Médecine
100%
4 Droit international
45%
3 Architecture
31%
5 Mathématique appliqués
18%
10 Économétrie
14%
9 Astrophysique
9%
7 Biochimie
5%
6 Pharmacologie
4%
2 Ingénierie aérospatial
3%
8 Ingénierie nucléaire
2%
Aucun quiz correspondant
Distribution des résultats
% des personnes avec chaque résultat
Percentile par nombre de réponses
Votre historique - résultats
Vous n’avez pas pris ce quiz